Valuation Office property market report (Record no. 90576)

MARC details
000 -LEADER
fixed length control field 00588cam a2200205 4500
008 - FIXED-LENGTH DATA ELEMENTS--GENERAL INFORMATION
fixed length control field 090401t1983 xxu||||| |||| 00| 0 eng d
020 ## - INTERNATIONAL STANDARD BOOK NUMBER
International Standard Book Number 0854062114
035 ## - SYSTEM CONTROL NUMBER
System control number (Sirsi) u37919
041 0# - LANGUAGE CODE
Language code of text/sound track or separate title eng
050 04 - LIBRARY OF CONGRESS CALL NUMBER
Classification number 333.33 $2 18
110 2# - MAIN ENTRY--CORPORATE NAME
Corporate name or jurisdiction name as entry element Valuation Office Agency
9 (RLIN) 3141
245 00 - TITLE STATEMENT
Title Valuation Office property market report
Remainder of title No. 40 (Autumn 1983)
260 ## - PUBLICATION, DISTRIBUTION, ETC.
Place of publication, distribution, etc. London
Name of publisher, distributor, etc. Surveyors Publications
Date of publication, distribution, etc. 1983
300 ## - PHYSICAL DESCRIPTION
Extent 74p.
Dimensions 30cm.
490 #0 - SERIES STATEMENT
Series statement VOA Property Market Report
Volume/sequential designation (40)
651 #4 - SUBJECT ADDED ENTRY--GEOGRAPHIC NAME
Geographic name United Kingdom
Chronological subdivision
690 ## - LOCAL SUBJECT ADDED ENTRY--TOPICAL TERM (OCLC, RLIN)
Topical term or geographic name as entry element PROPERTY-PROPERTY MARKET
942 ## - ADDED ENTRY ELEMENTS (KOHA)
Suppress in OPAC 0
948 ## - LOCAL PROCESSING INFORMATION (OCLC); SERIES PART DESIGNATOR (RLIN)
c (OCLC) 04/03/1997
Holdings
Withdrawn status Lost status Source of classification or shelving scheme Damaged status Not for loan Home library Current library Shelving location Date acquired Total Checkouts Full call number Barcode Date last seen Date last checked out Copy number Price effective from Koha item type
    Dewey Decimal Classification     London London Property market reports 03/09/1991 6 PROPERTY MARKET REPORTS 30026827 06/08/2019 14/06/2005 1 06/08/2019 Book
    Dewey Decimal Classification     London London Property market reports 20/08/1991 2 PROPERTY MARKET REPORTS 30030893 06/08/2019 17/04/2008 2 06/08/2019 Book
    Dewey Decimal Classification     London London Property market reports 20/08/1991 6 PROPERTY MARKET REPORTS 30030897 06/08/2019 29/10/2001 3 06/08/2019 Book